| 000 -LEADER |
| fixed length control field |
00773cam a22002417i 4500 |
| 001 - CONTROL NUMBER |
| control field |
20761 |
| 003 - CONTROL NUMBER IDENTIFIER |
| control field |
BD-DhUAP |
| 005 - DATE AND TIME OF LATEST TRANSACTION |
| control field |
20200229121145.0 |
| 008 - FIXED-LENGTH DATA ELEMENTS--GENERAL INFORMATION |
| fixed length control field |
200229r20172014enkaceh b 001 0 eng d |
| 020 ## - INTERNATIONAL STANDARD BOOK NUMBER |
| International Standard Book Number |
9780714839622 |
| 020 ## - INTERNATIONAL STANDARD BOOK NUMBER |
| International Standard Book Number |
0714839620 (hbk.) |
| 040 ## - CATALOGING SOURCE |
| Original cataloging agency |
UKMGB |
| Language of cataloging |
eng |
| Description conventions |
rda |
| Transcribing agency |
CNCCA |
| Modifying agency |
BD-DhUAP |
| 082 04 - DEWEY DECIMAL CLASSIFICATION NUMBER |
| Edition number |
23 |
| Classification number |
720.92 MER |
| 100 1# - MAIN ENTRY--PERSONAL NAME |
| Personal name |
Mertins, Detlef. |
| 245 10 - TITLE STATEMENT |
| Title |
Mies / |
| Statement of responsibility, etc. |
Detlef Mertins. |
| 264 #1 - PRODUCTION, PUBLICATION, DISTRIBUTION, MANUFACTURE, AND COPYRIGHT NOTICE |
| Place of production, publication, distribution, manufacture |
New York, NY : |
| Name of producer, publisher, distributor, manufacturer |
Phaidon Press, |
| Date of production, publication, distribution, manufacture, or copyright notice |
c2014 [Reprinted 2017]. |
| 300 ## - PHYSICAL DESCRIPTION |
| Extent |
543 pages : |
| Other physical details |
illustrations ; |
| Dimensions |
32 cm. |
| 504 ## - BIBLIOGRAPHY, ETC. NOTE |
| Bibliography, etc. note |
Includes bibliographical references (pages 506-528) and index. |
| 600 10 - SUBJECT ADDED ENTRY--PERSONAL NAME |
| Personal name |
Mies van der Rohe, Ludwig, |
| Dates associated with a name |
1886-1969. |
| 650 #0 - SUBJECT ADDED ENTRY--TOPICAL TERM |
| Topical term or geographic name entry element |
Architecture, Modern |
| Chronological subdivision |
20th century. |
| 654 2# - SUBJECT ADDED ENTRY--FACETED TOPICAL TERMS |
| Facet/hierarchy designation |
f |
| Non-focus term |
German |
| Facet/hierarchy designation |
h |
| Focus term |
architects. |
| Source of heading or term |
aat |
| 942 ## - ADDED ENTRY ELEMENTS (KOHA) |
| Source of classification or shelving scheme |
|
| Koha item type |
Book |